Normale Ansicht MARC-Ansicht ISBD

Die Bauernrevolution in Russland : (Titelsatznr. 30745)

[ MARC ]
MARC-Details
000 -Satzkennung
Kontrollfeld mit fester Länge 00525nam a22002051c 4500
001 - Kontrollnummer
Kontrollfeld a987693852
008 - Feld mit fester Länge zur physischen Beschreibung - Allgemeine Angaben
Kontrollfeld mit fester Länge 200424s1922 gw |||| 000u ger d
041 ## - Sprachcode
Sprachcode des Textes/der Tonspur oder des separaten Titels ger
040 ## - Katalogisierungsquelle
Übertragungsstelle RU-10907106
003 - Kontrollnummer Identifier
Kontrollfeld RU-10907106
100 1# - Haupteintragung - Personenname
Personenname Olberg, Paul
245 04 - Titel
Titel Die Bauernrevolution in Russland :
Zusatz zum Titel die alte und die neue Politik Sowjet-Russlands
264 ## - Produktion, Veröffentlichung, Distribution, Herstellung und Urheberrechtsvermerk
Herstellungs-, Veröffentlichungs- Vertriebs-, Erzeugungsort Leipzig :
Produzent, Herausgeber, Distributor, Hersteller Hirschfeld,
Datum der Herstellung, der Veröffentlichung, des Vertriebs oder des Urheberschutzvermerks 1922
300 ## - Physische Beschreibung
Umfang IV, 79 S.
650 #0 - Nebeneintragung unter einem Schlagwort - Sachschlagwort
Sachschlagwort oder geografischer Name als Eintragungselement Landwirtschaft
650 #0 - Nebeneintragung unter einem Schlagwort - Sachschlagwort
Sachschlagwort oder geografischer Name als Eintragungselement Bauer
651 #0 - Nebeneintragung unter einem Schlagwort - Geografischer Name
Geografischer Name Sowjetunion
655 #0 - Indexierungsterm - Genre/Form
Genre/Form oder fokussierter Term Quelle
942 ## - Zusätzliche Felder (Koha)
Koha-Medientyp Monographien
Exemplare
Ausgeschieden Verloren Klassifikation oder Aufstellungssystematik Beschädigt Nicht entleihbar Heimatbibliothek Aufenthaltsbibliothek Aufstellungsort Erwerbungsdatum Inventarnummer Barcode Letzte Aktivität Preis gültig von Koha-Medientyp
    Andere/Generische Klassifikation   In Bearbeitung MWN Osteuropa MWN Osteuropa In Bearbeitung 24/04/2020 24-00087 E00401082C17F8C8 17/03/2021 22/03/2021 Monographien